000 00457nam a22001577a 4500
003 OSt
005 20240405161157.0
008 240405b |||||||| |||| 00| 0 eng d
040 _cCentral Library MRSPTU
100 _aF. Engels
245 _aF. Engels Marks De Sarmya Barre (ਏਂਗਲਜ਼ ਮਾਰਕਸ ਦੇ ਸਰਮਾਇਆ ਬਾਰੇ)
250 _a1st
260 _aMasko
_bPragati Parkashan Meerut
300 _a150
942 _2ddc
_cBK
_n0
999 _c10004
_d10004